[Event "Sao Paulo Braga op"]
[Site "Sao Paulo"]
[Date "2014.08.02"]
[Round "4"]
[White "Chagas, Humberto Luiz C"]
[Black "Da Silva, Andressa Muniz"]
[Result "1-0"]
[WhiteElo "1868"]
[BlackElo "1471"]
[PlyCount "81"]
[EventDate "2014.08.01"]
[EventType "swiss"]
[EventRounds "6"]
[EventCountry "BRA"]
[SourceTitle "EXT 2016"]
[Source "ChessBase"]
[SourceDate "2015.10.08"]
[SourceVersion "1"]
[SourceVersionDate "2015.10.08"]
[SourceQuality "1"]

1. d4 d5 2. c4 Nf6 3. Nc3 e6 4. Bg5 Be7 5. e3 Ne4 6. Bxe7 Qxe7 7. Nxe4 dxe4 8. a3 0-0 9. Qg4 f5 10. Qg3 Nc6 11. Ne2 Qd6 12. Qxd6 cxd6 13. Nc3 a6 14. Be2 Rb8 15. 0-0 Ne7 16. b4 Bd7 17. f3 exf3 18. Bxf3 b5 19. c5 d5 20. Ne2 Ng6 21. Nf4 Nxf4 22. exf4 h6 23. Be2 Kh7 24. Rfc1 Bc6 25. Rcb1 Ra8 26. Kf2 a5 27. Bd3 a4 28. Re1 Bd7 29. Rac1 Ra6 30. c6 Rxc6 31. Rxc6 Bxc6 32. Rxe6 Be8 33. Rb6 Rf6 34. Rxf6 gxf6 35. Bxf5+ Kg7 36. Be6 Bc6 37. f5 h5 38. Kg3 Kh6 39. Kh4 Bb7 40. Bd7 Ba6 41. h3 1-0

[Event "Cuiaba Contaud op"]
[Site "Cuiaba"]
[Date "2014.05.03"]
[Round "4"]
[White "Borges, Antonio Leonardo R"]
[Black "Da Silva, Andressa Muniz"]
[Result "1-0"]
[WhiteElo "1820"]
[BlackElo "1474"]
[PlyCount "92"]
[EventDate "2014.05.01"]
[EventType "swiss"]
[EventRounds "6"]
[EventCountry "BRA"]
[SourceTitle "CBM 160 Extra"]
[Source "ChessBase"]
[SourceDate "2014.07.01"]
[SourceVersion "1"]
[SourceVersionDate "2014.07.01"]
[SourceQuality "1"]

1. e4 e5 2. Nf3 Nc6 3. Bc4 Bc5 4. c3 Nf6 5. d3 0-0 6. 0-0 d5 7. exd5 Nxd5 8. Qb3 Nf4 9. Bxf4 exf4 10. d4 Bd6 11. Nbd2 Na5 12. Qc2 Nxc4 13. Nxc4 Bg4 14. Nce5 Bxe5 15. Nxe5 Qg5 16. Nxg4 Qxg4 17. Qd1 Qg6 18. Qf3 Qb6 19. Rab1 g5 20. h3 Rab8 21. Qh5 Qf6 22. Qg4 Kh8 23. Rfe1 Rfe8 24. Rxe8+ Rxe8 25. Qd7 Re2 26. Qxc7 Qf5 27. Rc1 f3 28. Qg3 fxg2 29. Kxg2 Rxb2 30. Re1 Qd5+ 31. Qf3 Qxf3+ 32. Kxf3 Rxa2 33. Re7 b5 34. d5 Rd2 35. Rd7 a5 36. Ke4 a4 37. Ke5 Kg7 38. Rb7 a3 39. Rxb5 a2 40. Ra5 Rb2 41. c4 Re2+ 42. Kd6 f6 43. c5 Rc2 44. c6 h5 45. c7 g4 46. hxg4 hxg4 1-0

[Event "Cuiaba Contaud op"]
[Site "Cuiaba"]
[Date "2014.05.02"]
[Round "3"]
[White "Da Silva, Andressa Muniz"]
[Black "Magalhaes, Ronaldo Borges"]
[Result "1/2-1/2"]
[WhiteElo "1474"]
[BlackElo "1775"]
[PlyCount "105"]
[EventDate "2014.05.01"]
[EventType "swiss"]
[EventRounds "6"]
[EventCountry "BRA"]
[SourceTitle "CBM 160 Extra"]
[Source "ChessBase"]
[SourceDate "2014.07.01"]
[SourceVersion "1"]
[SourceVersionDate "2014.07.01"]
[SourceQuality "1"]

1. e4 e5 2. Nf3 d5 3. exd5 e4 4. Ng1 Qxd5 5. Nc3 Qe5 6. Qe2 f5 7. Qb5+ Nc6 8. Qxe5+ Nxe5 9. Nb5 Bd6 10. d3 Bd7 11. Nxd6+ cxd6 12. dxe4 fxe4 13. Bf4 Bc6 14. 0-0-0 Rd8 15. Bxe5 dxe5 16. Rxd8+ Kxd8 17. Ne2 Nf6 18. h3 Rf8 19. Ng3 Nd7 20. Bc4 Rxf2 21. Re1 Nf6 22. Rd1+ Ke7 23. Rd2 e3 24. Rxf2 exf2 25. Bf1 e4 26. Kd2 Ke6 27. Ke3 Ke5 28. Kxf2 Nd5 29. c4 Nb4 30. a3 Nd3+ 31. Bxd3 exd3 32. Nf1 Kd4 33. Nd2 Be8 34. g4 Bf7 35. Nf3+ Kc5 36. b3 Bg6 37. Ke3 Kd6 38. b4 a6 39. Kd4 h5 40. c5+ Kc7 41. g5 Bf5 42. h4 g6 43. Nd2 Kc6 44. Kc4 b6 45. cxb6 Kxb6 46. a4 Kc6 47. b5+ axb5+ 48. axb5+ Kb6 49. Nf3 Bg4 50. Nd2 Be2 51. Kd4 Kxb5 52. Ke3 Kb4 53. Kd4 1/2-1/2

[Event "Cuiaba Contaud op"]
[Site "Cuiaba"]
[Date "2014.05.02"]
[Round "2"]
[White "Felix, Raimundo Nascimento"]
[Black "Da Silva, Andressa Muniz"]
[Result "1-0"]
[WhiteElo "1935"]
[BlackElo "1474"]
[PlyCount "55"]
[EventDate "2014.05.01"]
[EventType "swiss"]
[EventRounds "6"]
[EventCountry "BRA"]
[SourceTitle "CBM 160 Extra"]
[Source "ChessBase"]
[SourceDate "2014.07.01"]
[SourceVersion "1"]
[SourceVersionDate "2014.07.01"]
[SourceQuality "1"]

1. e4 e5 2. Nf3 Nc6 3. Bb5 d6 4. d4 exd4 5. Nxd4 Bd7 6. Nxc6 Bxc6 7. Bd3 Nf6 8. Nc3 Be7 9. 0-0 0-0 10. Qe2 Re8 11. Re1 Qd7 12. h3 a6 13. Bf4 h6 14. Rad1 b5 15. a3 Bb7 16. e5 Nh7 17. Qd2 Bg5 18. exd6 Rxe1+ 19. Rxe1 Bxf4 20. Qxf4 Qxd6 21. Qxd6 cxd6 22. Re7 Rb8 23. Bxh7+ Kxh7 24. Rxf7 Bc8 25. Rf8 g6 26. Ne4 b4 27. a4 b3 28. c3 1-0

[Event "BRA-ch Amateur"]
[Site "Sao Paulo"]
[Date "2014.03.01"]
[Round "2"]
[White "Da Silva, Andressa Muniz"]
[Black "Pinto, Rendrex Lopes"]
[Result "0-1"]
[WhiteElo "1473"]
[BlackElo "2019"]
[PlyCount "104"]
[EventDate "2014.03.01"]
[EventType "swiss"]
[EventRounds "7"]
[EventCountry "BRA"]
[SourceTitle "EXT 2016"]
[Source "ChessBase"]
[SourceDate "2015.10.08"]
[SourceVersion "1"]
[SourceVersionDate "2015.10.08"]
[SourceQuality "1"]

1. e4 e6 2. Nc3 d5 3. exd5 exd5 4. d4 Bd6 5. Nf3 c6 6. Be2 Ne7 7. 0-0 0-0 8. Re1 Bg4 9. Ne5 Bxe2 10. Qxe2 Nf5 11. Qd3 Ne7 12. Bd2 Na6 13. Ne2 Ng6 14. Ng3 Nc5 15. Qe2 Ne6 16. Nxg6 hxg6 17. c3 Qh4 18. Nf1 Rfe8 19. g3 Qh3 20. Qf3 Nf8 21. Bf4 Bxf4 22. Qxf4 Ne6 23. Qf3 Ng5 24. Qg2 Qf5 25. Kh1 Qc2 26. f4 Qxg2+ 27. Kxg2 Ne4 28. Kf3 a5 29. c4 Nf6 30. cxd5 Nxd5 31. a3 Kf8 32. Nd2 Rad8 33. Nc4 a4 34. Na5 Rd7 35. Rxe8+ Kxe8 36. Re1+ Kd8 37. Nc4 f6 38. Re6 Kc7 39. g4 Rd8 40. h4 Rh8 41. Kg3 Kd7 42. f5 gxf5 43. gxf5 b5 44. Ne3 Nc7 45. Re4 Rb8 46. Rg4 Ne8 47. Nc2 Ke7 48. Nb4 Rc8 49. Na6 Kf7 50. Nc5 Nd6 51. Nd3 Nxf5+ 52. Kf3 Rd8 0-1

[Event "Cuiaba op (Women)"]
[Site "Cuiaba"]
[Date "2013.05.27"]
[Round "1"]
[White "Correa, Lorenna Martins"]
[Black "Da Silva, Andressa Muniz"]
[Result "1-0"]
[WhiteElo "1696"]
[BlackElo "1763"]
[PlyCount "57"]
[EventDate "2013.05.27"]
[EventType "swiss"]
[EventRounds "7"]
[EventCountry "BRA"]
[SourceTitle "CBM 154 Extra"]
[Source "ChessBase"]
[SourceDate "2013.06.25"]
[SourceVersion "2"]
[SourceVersionDate "2013.06.25"]
[SourceQuality "1"]

1. d4 d5 2. c4 e6 3. Nc3 Nf6 4. Nf3 Be7 5. Bg5 Nbd7 6. e3 0-0 7. Bd3 b6 8. cxd5 exd5 9. Qc2 Bb4 10. 0-0 Bxc3 11. Qxc3 h6 12. Bh4 c5 13. Rac1 Qc7 14. Bg3 Qd8 15. Qc2 c4 16. Bf5 Ba6 17. Rfe1 Qe7 18. Bh4 Rfe8 19. e4 g5 20. Nxg5 hxg5 21. Bxg5 dxe4 22. Bxe4 Qb4 23. Bd2 Qf8 24. Bxa8 Rxa8 25. Re3 Qd6 26. Rg3+ Kf8 27. Re1 Nh5 28. Rg4 Ng7 29. Qh7 1-0

[Event "Cuiaba Contaud op"]
[Site "Cuiaba"]
[Date "2012.10.28"]
[Round "5"]
[White "Lirio, Paulo Afonso"]
[Black "Da Silva, Andressa Muniz"]
[Result "1-0"]
[WhiteElo "1705"]
[BlackElo "1802"]
[PlyCount "107"]
[EventDate "2012.10.26"]
[EventType "swiss"]
[EventRounds "6"]
[EventCountry "BRA"]
[SourceTitle "EXT 2013"]
[Source "ChessBase"]
[SourceDate "2012.11.22"]
[SourceVersion "1"]
[SourceVersionDate "2012.11.22"]
[SourceQuality "1"]

1. e4 e5 2. Nf3 Nc6 3. Bb5 d6 4. 0-0 Nf6 5. d4 exd4 6. Nxd4 Bd7 7. Nxc6 Bxc6 8. Bxc6+ bxc6 9. Nc3 Be7 10. Bg5 0-0 11. Qf3 Qd7 12. Rad1 Qe6 13. b3 Qe5 14. Bf4 Qa5 15. a4 Rfd8 16. Ne2 Qc5 17. Nd4 Nd7 18. Nf5 Bf6 19. c4 Ne5 20. Bxe5 Qxe5 21. Qg4 g6 22. Ng3 Rab8 23. f4 Qc5+ 24. Kh1 Rxb3 25. f5 Bg7 26. f6 h5 27. Qe2 Bh6 28. Nf5 Bg5 29. Ne7+ Kf8 30. Qc2 Re3 31. Rf2 Qa5 32. Rdf1 Rc3 33. Qa2 Qc5 34. Rc2 Rxc2 35. Qxc2 Bxf6 36. Nxc6 Qxc6 37. Rxf6 Re8 38. Qf2 Qxe4 39. Rxf7+ Kg8 40. Rxc7 Qe1+ 41. Qg1 Qxg1+ 42. Kxg1 a5 43. Ra7 Re4 44. Rxa5 Rxc4 45. Ra7 d5 46. a5 d4 47. Kf2 Rc3 48. a6 Ra3 49. Ra8+ Kf7 50. Ke2 Ke6 51. a7 Ra2+ 52. Kd3 Ra3+ 53. Kxd4 Ra4+ 54. Kc5 1-0

[Event "Cuiaba Contaud op"]
[Site "Cuiaba"]
[Date "2012.10.27"]
[Round "3"]
[White "Silva, Alex Castro"]
[Black "Da Silva, Andressa Muniz"]
[Result "1-0"]
[WhiteElo "1863"]
[BlackElo "1802"]
[PlyCount "67"]
[EventDate "2012.10.26"]
[EventType "swiss"]
[EventRounds "6"]
[EventCountry "BRA"]
[SourceTitle "EXT 2013"]
[Source "ChessBase"]
[SourceDate "2012.11.22"]
[SourceVersion "1"]
[SourceVersionDate "2012.11.22"]
[SourceQuality "1"]

1. e4 e5 2. Nf3 d6 3. Bc4 Be7 4. 0-0 Nf6 5. Re1 0-0 6. c3 Nbd7 7. d4 c5 8. Nbd2 Rb8 9. a4 b6 10. d5 h6 11. h3 Nh7 12. g4 Ng5 13. Kg2 Re8 14. Rh1 Nf8 15. Nf1 Nxe4 16. Bb5 Nd7 17. Qe2 Ng5 18. Bxg5 Bxg5 19. Nxg5 Qxg5 20. Ng3 Qe7 21. Nf5 Qf6 22. h4 Qg6 23. Bd3 Kf8 24. f3 Rd8 25. Qd2 h5 26. g5 Qh7 27. Nxd6 g6 28. f4 exf4 29. Qxf4 Qg7 30. Rae1 Bb7 31. Nxb7 Rxb7 32. Qd6+ Kg8 33. Re7 Kh7 34. Rf1 1-0